MARC

LEADER 00000nam0a2200000 4500
001 28989
005 20231030203052.0
010 |a 521102382X 
035 |a (RuTPU)RU\TPU\book\29247 
035 |a BOOK00029322 
090 |a 28989 
100 |a 20011209d1992 k y0rusy50 ca 
101 0 |a rus 
102 |a RU 
105 |a a z 001zy 
200 1 |a Структурная геология магматических массивов  |f В. Г. Тихомиров, Б. Я. Журавлев, Т. О. Федоров 
210 |a Москва  |c Изд-во МГУ  |d 1992 
215 |a 213 с.  |c ил. 
320 |a Библиогр.: с. 206-212. 
610 1 |a геология 
610 1 |a структурная геология 
610 1 |a вулканические породы 
610 1 |a магматические породы 
610 1 |a плутонические породы 
610 1 |a строение 
610 1 |a первичное залегание 
610 1 |a гранитоиды 
675 |a 552.3  |v 3 
675 |a 551.262  |v 3 
700 1 |a Тихомиров  |b В. Г.  |g Владимир Григорьевич 
701 1 |a Журавлев  |b Б. Я.  |g Борис Яковлевич 
701 1 |a Федоров  |b Т. О.  |g Теодор Осипович 
801 0 |a RU  |b 63413507  |c 20011209  |g PSBO 
801 2 |a RU  |b 63413507  |c 20041125  |g PSBO 
942 |c BK